Sports Quiz

Random Sports or NHL Quiz

2000 Minnesota Wild 1st RS game roster Quiz Stats

 Plays Quiz not verified by Sporcle

Challenge
Share
Tweet
Embed
Score 0/20 Timer 03:00
0 Plays Today
% Correct
Manny Fernandez
100%
Antti Laaksonen
91.9%
Wes Walz
91.9%
Brad Bombardir
89.2%
Jim Dowd
86.5%
Matt Johnson
86.5%
Scott Pellerin
86.5%
Aaron Gavey
83.8%
Filip Kuba
78.4%
Stacy Roest
75.7%
% Correct
Cam Stewart
75.7%
Lubomir Sekeras
73%
Ladislav Benysek
67.6%
Sergei Krivokrasov
67.6%
Curtis Leschyshyn
67.6%
Sean O'Donnell
64.9%
Maxim Sushinsky
62.2%
Jamie Mclennan
62.2%
Marian Gaborik
59.5%
Jeff Nielsen
54.1%

You're not logged in!

Compare scores with friends on all Sporcle quizzes.
Join for Free
OR
Log In

You Might Also Like...

Show Comments

Extras

Created Sep 4, 2016ReportNominate
Tags:NHL Quiz, Minnesota Wild

Top Quizzes Today


Score Distribution

Your Account Isn't Verified!

In order to create a playlist on Sporcle, you need to verify the email address you used during registration. Go to your Sporcle Settings to finish the process.

Report this User

Report this user for behavior that violates our Community Guidelines.

Details: